00633pab a2200145 454500008004000000100002600040245004600066260000900112300001400121362001100135520026100146650002100407650002500428773003400453180718b2007 xxu||||| |||| 00| 0 eng d aTilak, Jandhyala B.G. aKnowledge commission and higher education c2007 ap.630-33. a24 Feb aThere are a number of serious problems with the recommendations of the National Knowledge Commission. Many are not based on any analysis and are without supporting evidence. This article critiques some important observations of the Commission - Reproduced. aHigher education aKnowledge Commission aEconomic and Political Weekly